000 00448nam a2200169 a 4500
001 0000-8800
003 ELIB.Books
008 110520 1990
035 _a(ELIB.Books)0000-8946
082 _a226.8
_bMca
100 _aMcarthur, Harvey K.
245 _aThey also Taught in Parables
260 _bGrand Rapids: Zondervan Publishing House
_c1990
650 _aNew Testament
942 _2ddc
_cBK
998 _cbat
_e2011-05-20
999 _c8800
_d8800